| 000 | 00861pam a2200241 4500 | ||
|---|---|---|---|
| 020 | _a088275193X | ||
| 082 | 0 | 0 |
_a621.3 _bERI _cL-9 P-12 |
| 100 | 1 |
_aErickson, William H. _941149 |
|
| 245 | 1 | 0 |
_aElectrical engineering; theory and practice _c[by] William H. Erickson [and] Nelson H. Bryant. |
| 250 | _a2d ed. | ||
| 260 |
_aHuntington, N.Y., _bR. E. Krieger Pub. Co., _c1974 [c1959] |
||
| 300 |
_axiii, 614 p. _billus. _c24 cm. |
||
| 500 | _aReprint of the ed. published by Wiley, New York. | ||
| 526 |
_a0 _b0 _c0 _d621_300000000000000_ERI |
||
| 526 |
_a0 _b0 _c0 _d621_300000000000000_ERI |
||
| 526 |
_a0 _b0 _c0 _d621_300000000000000_ERI |
||
| 526 |
_a0 _b0 _c0 _d621_300000000000000_ERI |
||
| 526 |
_a0 _b0 _c0 _d621_300000000000000_ERI |
||
| 650 | 0 | _aElectrical engineering. | |
| 650 | 0 | _aElectronics. | |
| 700 | 1 |
_aBryant, Nelson H., _941150 |
|
| 942 |
_2ddc _cBK |
||
| 999 |
_c545335 _d545335 |
||